[Event "St Petersburg Korchnoi Memorial op"]
[Site "St Petersburg"]
[Date "2018.08.19"]
[Round "5"]
[White "Chugunov, Vadim"]
[Black "Shihaliev, Leonard"]
[Result "1-0"]
[WhiteElo "1784"]
[BlackElo "2054"]
[PlyCount "107"]
[EventDate "2018.08.15"]
[EventType "swiss"]
[EventRounds "9"]
[EventCountry "RUS"]
[SourceTitle "CBM 186 Extra"]
[Source "ChessBase"]
[SourceDate "2018.08.24"]
[SourceVersion "1"]
[SourceVersionDate "2018.08.24"]
[SourceQuality "1"]

1. e4 c5 2. Nf3 Nc6 3. d4 cxd4 4. Nxd4 g6 5. Nc3 Bg7 6. Be3 Nf6 7. Nxc6 bxc6 8. e5 Nd5 9. Nxd5 cxd5 10. Qxd5 Rb8 11. 0-0-0 Qc7 12. f4 0-0 13. Qc5 Qb7 14. b3 d6 15. Qxa7 Qc6 16. Qxb8 Bf5 17. Qxf8+ Bxf8 18. Bd3 Bxd3 19. Rxd3 d5 20. Bd4 e6 21. Kb1 Bb4 22. a4 Qa6 23. Kb2 h6 24. g3 Kg7 25. Ra1 Be7 26. a5 g5 27. Bc3 g4 28. f5 Bc5 29. fxe6 fxe6 30. b4 Be7 31. Rd4 h5 32. Bd2 Kg6 33. c3 Kf5 34. Re1 Kg6 35. Kb3 Qb7 36. Ra1 Qa6 37. c4 dxc4+ 38. Rxc4 Kf5 39. Bc3 h4 40. Rf1+ Kg5 41. gxh4+ Kxh4 42. Rg1 Kh5 43. Rgxg4 Qb5 44. Rg1 Qb7 45. h4 Qb5 46. Ra1 Qa6 47. Rc7 Bd8 48. Rd7 Qc8 49. Rd4 Qa8 50. Rad1 Be7 51. Rd7 Qf3 52. a6 Bxh4 53. a7 Bf2 54. Rf1 1-0